Quizzes
Events
Quiz Creation
Community
Videos
Private Events
Remove Ads
Sign In
Join for FREE
Feedback
Dark Mode
Quiz Categories
Sports
Geography
Music
Movies
Television
Just For Fun
Miscellaneous
History
Literature
Language
Science
Gaming
Entertainment
Religion
Holiday
For Kids
Quiz Lab
Recent
Popular Today
Quiz Kudos Today
Editor Picks
Curator Picks
Quizzes by...
Day
Popularity
Type
Ratings
Length
Year
Community
Subscriptions
Recent Discussions
Orange Saloon
Badges
Playlists
Quests
Create
Leaderboards
Showdown
Live 5
Trivia Bingo
Activity
Puzzle Library
Sporcle Events
Private Events
Virtual Trivia
Globe League
Become a Host
Pub Owners
SporcleCon
Opinionation
Our Games
Videos
Blog
Mobile Apps
Partnerships
Remove Ads and Go Orange
Feedback
Sports
Athletes
MLB
NBA
NHL
NFL
Soccer
Sports Teams
WWE
NCAA
Football
Premier League
Basketball
Baseball
Hockey
Golf
Tennis
Cricket
Rugby
Auto Racing
Olympics
World Cup
Sports
Athletes
MLB
NBA
NHL
NFL
Soccer
Sports Teams
WWE
NCAA
Football
Premier League
Basketball
Baseball
Hockey
Golf
Tennis
Cricket
Rugby
Auto Racing
Olympics
World Cup
Random Quiz
Search Sporcle
×
Quiz Lab
Quiz Lab
Sports
Clickable
Select answers by clicking on text or image buttons
Select answers by clicking on text or image buttons
Clickable
Best Score? Go Orange.
NHL first overall draft picks (clickable) Stats
Can you pick the NHL first overall draft picks?
By
PhillyP14
10m
50 Questions
349 Plays
349 Plays
349 Plays
Comments
Comments
Give Quiz Kudos
Give Quiz Kudos
-
- Ratings
hide this ad
More Info
Random Order
Randomize order of answers
Randomize order of answers
Replay
Link that replays current quiz
Next Quiz
Link to next quiz in quiz playlist
You Got
0%
They Got
Avg Score
59%
Avg Friend Score
Upgrade to see
Score Distribution
Jump to the score distribution portion of the page
Score
0/50
Timer
10:00
0
Plays Today
% Correct
Sidney Crosby
84%
Alexander Ovechkin
81.4%
Steven Stamkos
81.4%
Patrick Kane
79.4%
Ryan Nugent-Hopkins
77.7%
Taylor Hall
77.4%
Joe Thornton
76.8%
John Tavares
76.8%
Mario Lemieux
76.2%
Vincent Lecavalier
76.2%
Ilya Kovalchuk
75.4%
Rick Nash
75.1%
Marc-Andre Fleury
75.1%
Eric Lindros
74.8%
Rick DiPietro
74.2%
Nail Yakupov
72.5%
Mike Modano
69.6%
Alexandre Daigle
69.3%
Mats Sundin
68.8%
Patrik Stefan
68.8%
Erik Johnson
68.8%
Guy Lafleur
66.2%
Owen Nolan
65.6%
Wendel Clark
63.9%
Chris Phillips
62.5%
% Correct
Dale Hawerchuk
62.2%
Ed Jovanovski
61.6%
Pierre Turgeon
60.5%
Roman Hamrlik
59%
Brian Lawton
58.5%
Bryan Berard
58.5%
Doug Wickenheiser
56.7%
Denis Potvin
55.6%
Gilbert Perreault
53.9%
Joe Murphy
49.9%
Rob Ramage
48.4%
Bobby Smith
47.3%
Gord Kluzak
47.3%
Mel Bridgman
43%
Rejean Houle
41.3%
Greg Joly
41.3%
Dale McCourt
41.3%
Billy Harris
39.5%
Rick Green
38.4%
Garry Monahan
37.2%
Rick Pagnutti
32.7%
Claude Gauthier
32.4%
Andre Veilleux
31.8%
Michel Plasse
28.1%
Barry Gibbs
27.2%
Quiz Playlist
Details
Report
Send in Message
Add To Playlist
More Info:
Pick the players who were drafted first overall in their respective draft years. The quiz begins with the first NHL draft in 1963.
Clickable:
Select answers by clicking on text or image buttons
Random Order:
Randomize order of answers
Quiz Source
Last Updated: Feb 16, 2017
Quiz Scoreboard
CHALLENGE
Sign Up to Join the Scoreboard
Show All
Scores
Hide
Comments
May contain spoilers
Recently Published
Pick 6: Fruits
by JohnFran
Miscellaneous
15s
Click the 1999 NBA Draft
by nibperrychub
Sports
2m
Alphabetical 'K' Countries by Flag Minefield
by ylime102
Geography
3m
More to Explore
Quiz From the Vault
Featured Blog Post
15 Basketball Trivia Facts You Can Be March Mad About
hide this ad
You Might Also Like...
Tags
Clickable Quiz
NHL Quiz
Draft
Overall
Today's Top Quizzes in Sports
Browse Sports
hide this ad
Today's Top Quizzes in Clickable
Browse Clickable
Top Contributed Quizzes in Sports
1
Don't Strike Out: 3000 Strikeouts
2
MLB 2 truths and a lie: Hall of Fame pitchers
3
MLB Players with Two .350 Batting Average Seasons
4
Last 10 Members of the 500 HR Club in Order
5
Criteria MLB: Left Handed Sluggers
6
One Time Final Four Teams
7
Millionaire: NBA Finals Edition
8
MLB Teams by First Game
9
Pitchers With Multiple No-Hitters
10
Pick 6: NFL Teams
Explore More
Trending Topics
NBA
Anime
Marvel
Crossword
Kpop
Disney
Harry Potter
NFL
Song
Pokémon
Country
Soccer
WWE
Puzzle
The Office
hide this ad
More By:
PhillyP14
Quiz
Plays
Rating
Category
Featured
Created
NHL Coaches (Clickable Minefield)
2,331
3.60
Sports
Jul 27, 2012
US Cities in Eastern Time Zone (Clickable Minefield)
1,363
3.00
Geography
Jul 23, 2012
NHL Teams by Year of Most Recent Championship
855
4.25
Sports
Aug 14, 2012
US Presidents by Interesting Fact
634
3.67
History
Jul 16, 2012
NHL Teams with Stanley Cups (Clickable)
518
4.00
Sports
Jun 20, 2012
Go to Creator's Profile
Score Distribution
Quiz Creator Spotlight
PhillyP14
Follow
Send a Message
Quizzes Created
-
Created Quiz Play Count
-
More By This Creator
Popular Quizzes Today
1
Find the US States - No Outlines Minefield
2
Countries of Asia Without Outlines Minefield
3
Pick 6: Fruits
4
Alphabetical 'K' Countries by Flag Minefield
5
The Countries of the World
6
Click the 1999 NBA Draft
7
Match the Book to the Film X
8
Find the US States
More Sports Quizzes
Big 4 Teams by Number of Letters
Published
Trending Quizzes
Pick 6: Harry Potter
Pick 6: Mountains
Pick 6: NFL Teams
Pick 6: Golfers
Pick 6: Movie Franchises
Recently Updated
Women's Final Four Teams by Year
bhenderson79
Presidents Quartet II
eogle
Anything But Clue(do)
eogle
Anything But Oceanian Capitals
eogle
Anything But 7
eogle
Anything But Thing
eogle
Word Ladder: February 29
pecheneg
Song Title Questions
pecheneg
Women's NCAA Tournament #1 Seeds
pecheneg
Celebrity Mug Shots
pecheneg
Trending Topics
Disney
Crossword
Anime
Marvel
Harry Potter
Kpop
NBA
Puzzle
Pokémon
Song
Soccer
The Office
NFL
Country
WWE
Your Account Isn't Verified!
In order to create a playlist on Sporcle, you need to verify the email address you used during registration. Go to your
Sporcle Settings
to finish the process.
Report this User
Report this user for behavior that violates our
Community Guidelines
.
Details:
Send Report
Go to the Sporcle.com Mobile Site →
Comments